Culture Générale - Clic Quiz - La réponse est en emoji par IA #6 - Statistiques

Statistiques générales
  • Ce quiz a été pris 628 fois
  • Le résultat moyen est 26 sur 40
Statistiques - réponses
Hint Réponse % Correct
Brigitte Macron
95%
Marie Antoinette
93%
Jeanne d'Arc
91%
Michelle Obama
89%
Céline Dion
89%
Taylor Swift
87%
Serena Williams
86%
Greta Thunberg
84%
Lady Gaga
84%
Marie Curie
81%
Angela Merkel
80%
Kate Middleton
79%
Kylie Jenner
79%
Kamala Harris
77%
Sophie Marceau
76%
Natalie Portman
71%
Rosa Parks
70%
Anne Hathaway
69%
Yang Mi
68%
Jenna Ortega
67%
Meghan Markle
63%
Coco Chanel
62%
Whoopi Goldberg
61%
J.K. Rowling
60%
Courteney Cox
60%
Jackie Kennedy
57%
Monica Bellucci
57%
Agatha Christie
56%
Céline Tran "Katsuni"
56%
Uma Thurman
55%
Joséphine Baker
54%
Anya Taylor-Joy
53%
Jessica Alba
52%
Nicole Kidman
49%
Sigourney Weaver
49%
Winona Ryder
46%
Diana Ross
45%
Amy Adams
34%
Shelly-Ann Fraser-Pryce
31%
Rachael «Raygun» Gunn
27%
Aucun quiz correspondant
Distribution des résultats
% des personnes avec chaque résultat
Percentile par nombre de réponses
Votre historique - résultats
Vous n’avez pas pris ce quiz